Normal view
MARC view
- Electronics circuits design
Entry Geographic Name
001 - CONTROL NUMBER
- control field: 103752
003 - CONTROL NUMBER IDENTIFIER
- control field: NUST
005 - DATE AND TIME OF LATEST TRANSACTION
- control field: 20221129093938.0
008 - FIXED-LENGTH DATA ELEMENTS
- fixed length control field: 221129|| aca||aabn | a|a d
040 ## - CATALOGING SOURCE
- Original cataloging agency: NUST
- Transcribing agency: NUST
151 ## - HEADING--GEOGRAPHIC NAME
- Geographic name: Electronics circuits design
670 ## - SOURCE DATA FOUND
- Source citation: Work cat.: (NUST): F. Stout, David 103751, Handbook of operational amplifier circuit design /, 1976
